| 000 | 00938cam a22002652 4500 | ||
|---|---|---|---|
| 001 | 0000021121 | ||
| 005 | 20151217145931.0 | ||
| 008 | 120112s xx 000 0 eng d | ||
| 020 | _a0314184801 : | ||
| 040 |
_aKABU _cKABU |
||
| 100 | 1 |
_aBuergenthal, Thomas. _@0000181808 |
|
| 245 | 1 | 0 |
_aInternational human rights in a nutshell / _cThomas Buergenthal, Dinah Shelton, David P. Stewart. |
| 250 | _a4th ed. | ||
| 260 |
_aSt. Paul, MN. : _bThomson, _c2009. |
||
| 300 | _axliii, 553 p. | ||
| 650 | 0 |
_aHuman rights. _@0000150298 |
|
| 700 | 1 |
_aShelton, Dinah. _@0000181809 |
|
| 700 | 1 |
_aStewart, David P. _@0000181810 |
|
| 852 | 1 | _9p4060 KES | |
| 852 | 1 | _9p4060 KES | |
| 852 | 1 | _9p4060 KES | |
| 852 | 1 | _9p2920.70 KES | |
| 908 | _a120112 | ||
| 950 | _@1 | ||
| 999 |
_c4233 _d4233 |
||